[Event "Wch Juvenil 2010 sub12 Femenino"]
[Site "Porto Carras GRE"]
[Date "2010.10.29"]
[Round "10.1"]
[White "Osmak, Iulija"]
[Black "Ivana, Maria Furtado"]
[Result "0-1"]
[WhiteElo "1979"]
[BlackElo "1924"]
[PlyCount "57"]
[EventDate "2010.10.20"]
[EventType "swiss"]
[EventRounds "11"]
[EventCountry "GRE"]
[Source "lmi"]
[SourceDate "2010.10.20"]

1. e4 e6 2. Nc3 d5 3. Nf3 Nf6 4. e5 Nfd7 5. d4 c5 6. dxc5 Nc6 7. Bf4 Nxc5 8. a3
a5 9. Be2 Be7 10. O-O O-O 11. Rb1 f5 12. exf6 Bxf6 13. Bg3 Bxc3 14. bxc3 Ne4
15. Qe1 Qe7 16. a4 Qa3 17. Bd3 Nxg3 18. fxg3 e5 19. Nxe5 Re8 20. Nxc6 Rxe1 21.
Rbxe1 Qc5+ 22. Nd4 Bd7 23. Bf5 Bxf5 24. Rxf5 Qxc3 25. Rd1 Re8 26. Nf3 Qxc2 27.
Rfxd5 Qxa4 28. h3 b5 29. Ng5 0-1

[Event "Wch Juvenil 2010 sub12 Femenino"]
[Site "Porto Carras GRE"]
[Date "2010.10.29"]
[Round "10.3"]
[White "Derakhshani, Dorsa"]
[Black "Vasenina, Anna"]
[Result "0-1"]
[WhiteElo "1799"]
[BlackElo "1844"]
[PlyCount "98"]
[EventDate "2010.10.20"]
[EventType "swiss"]
[EventRounds "11"]
[EventCountry "GRE"]
[Source "lmi"]
[SourceDate "2010.10.20"]

1. e4 c5 2. Nc3 Nc6 3. f4 g6 4. Nf3 Bg7 5. Bb5 Nd4 6. O-O Nxb5 7. Nxb5 d5 8.
exd5 a6 9. Nc3 Nf6 10. d4 Nxd5 11. dxc5 Nxc3 12. Qxd8+ Kxd8 13. bxc3 Bxc3 14.
Rb1 Kc7 15. Rb3 Bf6 16. f5 Bxf5 17. Bf4+ Kc8 18. c6 bxc6 19. Rb6 Be4 20. Rb4
Bd5 21. c4 a5 22. Ra4 Bxf3 23. Rxf3 Rd8 24. Rfa3 Rd4 25. Be3 Re4 26. Bd2 Bd4+
27. Kf1 Bb6 28. Rb3 Bc7 29. h3 f5 30. Kf2 Ra6 31. Kf3 Bb6 32. Rd3 Kc7 33. Bf4+
e5 34. Bg5 Ra8 35. Bd2 Rd4 36. Rxd4 Bxd4 37. Rxa5 Rb8 38. Ra3 Rb1 39. Ke2 Rg1
40. Kf3 Rf1+ 41. Kg3 Bf2+ 42. Kh2 f4 43. Ba5+ Kd6 44. g4 Bg3+ 45. Kg2 Rf2+ 46.
Kg1 f3 47. Bb4+ Ke6 48. Be1 Rg2+ 49. Kh1 f2 0-1

[Event "Wch Juvenil 2010 sub12 Femenino"]
[Site "Porto Carras GRE"]
[Date "2010.10.29"]
[Round "10.4"]
[White "Sunyasakta, Satpathy"]
[Black "Liao, Rui"]
[Result "1-0"]
[WhiteElo "1899"]
[BlackElo "1830"]
[PlyCount "61"]
[EventDate "2010.10.20"]
[EventType "swiss"]
[EventRounds "11"]
[EventCountry "GRE"]
[Source "lmi"]
[SourceDate "2010.10.20"]

1. e4 c6 2. c4 d5 3. exd5 cxd5 4. cxd5 Nf6 5. Qa4+ Bd7 6. Qb3 Qc7 7. Nc3 g6 8.
Bc4 Qc8 9. Nf3 Bg7 10. O-O O-O 11. Re1 Re8 12. d3 Bf5 13. d6 e6 14. Nb5 Na6 15.
Bf4 Nd7 16. Rac1 Ndc5 17. Qa3 Qd8 18. Nc7 Nxc7 19. dxc7 Qe7 20. Bb5 Bf8 21. d4
Nd3 22. Qxe7 Bxe7 23. Bxe8 Nxc1 24. Rxc1 e5 25. g4 Be6 26. d5 Bxg4 27. Bxf7+
Kxf7 28. Nxe5+ Ke8 29. Nxg4 Rc8 30. d6 Bh4 31. Ne5 1-0

[Event "Wch Juvenil 2010 sub12 Femenino"]
[Site "Porto Carras GRE"]
[Date "2010.10.29"]
[Round "10.5"]
[White "Rodionova, Daria"]
[Black "Peng, Jackie"]
[Result "1/2-1/2"]
[WhiteElo "1856"]
[BlackElo "1793"]
[PlyCount "102"]
[EventDate "2010.10.20"]
[EventType "swiss"]
[EventRounds "11"]
[EventCountry "GRE"]
[Source "lmi"]
[SourceDate "2010.10.20"]

1. e4 c5 2. Nc3 d6 3. g3 Nc6 4. Bg2 g6 5. d3 Bg7 6. Nge2 Nf6 7. O-O O-O 8. h3
a6 9. Be3 Bd7 10. d4 cxd4 11. Nxd4 Ne5 12. a4 Nc4 13. Bc1 Qb6 14. b3 Na5 15.
Be3 Qc7 16. Nd5 Nxd5 17. exd5 e6 18. Kh2 e5 19. Ne2 f5 20. Rc1 b5 21. axb5 axb5
22. f4 e4 23. Bd4 Bxd4 24. Qxd4 Qc5 25. Qxc5 dxc5 26. Ra1 Nb7 27. Kg1 Nd6 28.
Kf2 Kf7 29. Ke3 Ke7 30. Rfb1 Nb7 31. Bf1 Kd6 32. h4 b4 33. c4 Na5 34. Nc1 Nb7
35. Be2 Kc7 36. Bd1 Nd6 37. Ne2 Rfb8 38. Ng1 Nc8 39. Nh3 h6 40. Nf2 Ne7 41. Nh3
Ng8 42. Be2 Nf6 43. Nf2 h5 44. Nh3 Ng4+ 45. Bxg4 hxg4 46. Ng1 Ra3 47. Ne2 Rba8
48. Rxa3 Rxa3 49. Nc1 Kb6 50. Kd2 Ka5 51. Rb2 Ra1 1/2-1/2

[Event "Wch Juvenil 2010 sub12 Femenino"]
[Site "Porto Carras GRE"]
[Date "2010.10.29"]
[Round "10.6"]
[White "Goryachkina, Aleksandra"]
[Black "Khomeriki, Nino"]
[Result "1-0"]
[WhiteElo "2057"]
[BlackElo "1812"]
[PlyCount "113"]
[EventDate "2010.10.20"]
[EventType "swiss"]
[EventRounds "11"]
[EventCountry "GRE"]
[Source "lmi"]
[SourceDate "2010.10.20"]

1. d4 e6 2. c4 b6 3. Nf3 Bb7 4. g3 f5 5. Bg2 Nf6 6. O-O Be7 7. Nc3 h6 8. d5 Bd6
9. Nd4 Na6 10. dxe6 Bxg2 11. Kxg2 O-O 12. Ncb5 Ne8 13. exd7 Qxd7 14. Nf3 Qc6
15. b3 Rd8 16. Nxa7 Qa8 17. Qd5+ Qxd5 18. cxd5 Bc5 19. Nc6 Rxd5 20. Bb2 Rd6 21.
Nce5 Nf6 22. a3 b5 23. b4 Bb6 24. Rfd1 Rfd8 25. Rxd6 Rxd6 26. Rc1 Ne4 27. Nd3
Nb8 28. Nh4 Rd5 29. Ng6 Rd7 30. Nge5 Re7 31. e3 g5 32. Nf3 Rd7 33. Bd4 Bxd4 34.
Nxd4 Na6 35. Rc6 Rd6 36. Ne5 Kf8 37. Nxb5 Rd5 38. Rxa6 Rxb5 39. Nf3 Nd6 40. Rc6
Rb7 41. Nd4 Ke7 42. Rc5 Kf6 43. b5 Ra7 44. a4 Rxa4 45. Rxc7 Rb4 46. Rc6 Ke7 47.
b6 Kd7 48. Rc7+ Ke8 49. b7 Rxb7 50. Rxb7 Nxb7 51. Nxf5 h5 52. Ng7+ Kf7 53. Nxh5
Kg6 54. g4 Nd6 55. Ng3 Nc4 56. h3 Kf6 57. Ne4+ 1-0

[Event "Wch Juvenil 2010 sub12 Femenino"]
[Site "Porto Carras GRE"]
[Date "2010.10.29"]
[Round "10.8"]
[White "Monnisha, Gk"]
[Black "Vu, Thi Dieu Ai"]
[Result "1-0"]
[WhiteElo "1843"]
[BlackElo "1801"]
[PlyCount "55"]
[EventDate "2010.10.20"]
[EventType "swiss"]
[EventRounds "11"]
[EventCountry "GRE"]
[Source "lmi"]
[SourceDate "2010.10.20"]

1. e4 c5 2. Nf3 d6 3. d4 cxd4 4. Nxd4 Nf6 5. Nc3 e6 6. g4 a6 7. g5 Nfd7 8. Be3
Nc6 9. Qd2 Nde5 10. Be2 Nxd4 11. Bxd4 Nc6 12. Be3 b5 13. O-O-O Bb7 14. f4 Qa5
15. a3 b4 16. Nb1 Rc8 17. Bf3 Be7 18. h4 O-O 19. h5 bxa3 20. Nxa3 Nb4 21. Kb1
d5 22. exd5 Bxd5 23. Bxd5 Qxd5 24. Qxd5 Nxd5 25. Rd3 Rfd8 26. Re1 Bd6 27. Rf1
Rf8 28. f5 1-0

[Event "Wch Juvenil 2010 sub12 Femenino"]
[Site "Porto Carras GRE"]
[Date "2010.10.29"]
[Round "10.10"]
[White "Vu, Hoang Lan"]
[Black "Bulmaga, Elena"]
[Result "0-1"]
[WhiteElo "1827"]
[BlackElo "1784"]
[PlyCount "70"]
[EventDate "2010.10.20"]
[EventType "swiss"]
[EventRounds "11"]
[EventCountry "GRE"]
[Source "lmi"]
[SourceDate "2010.10.20"]

1. e4 c6 2. d4 d5 3. Nc3 dxe4 4. Nxe4 Bf5 5. Ng3 Bg6 6. Nf3 Nd7 7. h4 h6 8. h5
Bh7 9. Bd3 Bxd3 10. Qxd3 e6 11. Bf4 Qa5+ 12. Bd2 Qc7 13. O-O-O Ngf6 14. Ne4
O-O-O 15. Nxf6 Nxf6 16. Qe2 Bd6 17. Ne5 c5 18. Bf4 Nd5 19. Bg3 f6 20. Ng6 Rhe8
21. Bxd6 Qxd6 22. Rh4 Kb8 23. dxc5 Qxc5 24. Re4 Rc8 25. Rd2 e5 26. f4 Nb4 27.
a3 Nc6 28. fxe5 fxe5 29. Rd1 Rcd8 30. Rxd8+ Rxd8 31. Nxe5 Nd4 32. Qc4 Nb3+ 33.
cxb3 Qg1+ 34. Kc2 Qd1+ 35. Kc3 Qd2# 0-1

[Event "Wch Juvenil 2010 sub12 Femenino"]
[Site "Porto Carras GRE"]
[Date "2010.10.30"]
[Round "11.1"]
[White "Ivana, Maria Furtado"]
[Black "Mahalakshmi, M."]
[Result "1-0"]
[WhiteElo "1924"]
[BlackElo "1815"]
[PlyCount "71"]
[EventDate "2010.10.20"]
[EventType "swiss"]
[EventRounds "11"]
[EventCountry "GRE"]
[Source "lmi"]
[SourceDate "2010.10.20"]

1. d4 Nf6 2. Nf3 e6 3. c4 Bb4+ 4. Bd2 a5 5. g3 d5 6. a3 Be7 7. b3 b6 8. Bg2 O-O
9. Bf4 Bb7 10. O-O Nbd7 11. Nc3 Rc8 12. Ne5 c5 13. cxd5 Nxe5 14. Bxe5 Nxd5 15.
Nxd5 exd5 16. dxc5 Bxc5 17. Bh3 Rc6 18. Qd2 Qe7 19. Qb2 Rg6 20. e3 h5 21. Bg2
h4 22. b4 axb4 23. axb4 Bd6 24. Bxd6 Qxd6 25. Qd4 hxg3 26. hxg3 Rc8 27. Rfd1
Rc2 28. Rd2 Rg4 29. Rxc2 Rxd4 30. exd4 Qxb4 31. Rc7 Qxd4 32. Ra7 Qd1+ 33. Bf1
d4 34. Rcxb7 f5 35. Rxg7+ Kh8 36. Rgb7 1-0

[Event "Wch Juvenil 2010 sub12 Femenino"]
[Site "Porto Carras GRE"]
[Date "2010.10.30"]
[Round "11.2"]
[White "Vasenina, Anna"]
[Black "Sunyasakta, Satpathy"]
[Result "0-1"]
[WhiteElo "1844"]
[BlackElo "1899"]
[PlyCount "57"]
[EventDate "2010.10.20"]
[EventType "swiss"]
[EventRounds "11"]
[EventCountry "GRE"]
[Source "lmi"]
[SourceDate "2010.10.20"]

1. e4 e5 2. Nf3 Nc6 3. Nc3 Nf6 4. Bb5 Nd4 5. Bc4 Nxf3+ 6. gxf3 Bc5 7. d3 c6 8.
Bg5 Qb6 9. Na4 Bxf2+ 10. Kf1 Qa5 11. c3 b5 12. Kxf2 bxa4 13. d4 Rb8 14. Rb1 d5
15. exd5 Bf5 16. Qe2 O-O 17. Rbg1 Nxd5 18. Bh6 Bg6 19. Bc1 exd4 20. cxd4 Rfe8
21. Qd1 Qb4 22. Be2 c5 23. a3 Qb6 24. Rg4 h5 25. dxc5 Qxc5+ 26. Rd4 Rbd8 27.
Kf1 Bc2 28. Qd2 Ne3+ 29. Ke1 0-1

[Event "Wch Juvenil 2010 sub12 Femenino"]
[Site "Porto Carras GRE"]
[Date "2010.10.30"]
[Round "11.4"]
[White "Li, Zhuoling"]
[Black "Hojjatova, Aydan Hikmat"]
[Result "1-0"]
[WhiteElo "1863"]
[BlackElo "1818"]
[PlyCount "87"]
[EventDate "2010.10.20"]
[EventType "swiss"]
[EventRounds "11"]
[EventCountry "GRE"]
[Source "lmi"]
[SourceDate "2010.10.20"]

1. e4 c5 2. Nf3 e6 3. d4 cxd4 4. Nxd4 Nc6 5. Nb5 d6 6. Bf4 e5 7. Be3 Be7 8.
N1c3 a6 9. Nd5 Kf8 10. Bb6 Qd7 11. Nxe7 axb5 12. Nf5 Ra6 13. Qxd6+ Qxd6 14.
Nxd6 Bd7 15. Bc5 Nce7 16. Nxb7 Ra4 17. Nd6 Nf6 18. b3 Ra8 19. f3 Rb8 20. c4
bxc4 21. Bxc4 Be6 22. Bxe6 fxe6 23. Nc4 Nd7 24. Bd6 Rb5 25. b4 Ke8 26. a4 Rb7
27. b5 Ng6 28. Bxe5 Kf8 29. Bd6+ Kf7 30. Bb4 Kf6 31. Nd6 Rbb8 32. a5 Nge5 33.
O-O Rhd8 34. b6 Nc6 35. Bc3+ Ke7 36. Nb5 g6 37. Rfc1 Rdc8 38. Bb2 Nd8 39. Rxc8
Rxc8 40. Ba3+ Kf6 41. Rd1 Ne5 42. a6 Nc4 43. b7 Rb8 44. a7 1-0

[Event "Wch Juvenil 2010 sub12 Femenino"]
[Site "Porto Carras GRE"]
[Date "2010.10.30"]
[Round "11.5"]
[White "Bulmaga, Elena"]
[Black "Rodionova, Daria"]
[Result "1-0"]
[WhiteElo "1784"]
[BlackElo "1856"]
[PlyCount "89"]
[EventDate "2010.10.20"]
[EventType "swiss"]
[EventRounds "11"]
[EventCountry "GRE"]
[Source "lmi"]
[SourceDate "2010.10.20"]

1. d4 d5 2. c4 c6 3. Nf3 Nf6 4. Nc3 a6 5. e3 b5 6. b3 Bg4 7. Be2 Nbd7 8. h3 Bh5
9. Bb2 e6 10. O-O Bd6 11. cxd5 cxd5 12. Ne5 Bxe2 13. Nxe2 Qb8 14. Nxd7 Nxd7 15.
Rc1 O-O 16. Rc6 b4 17. Qc2 Nb6 18. e4 Rc8 19. e5 Bf8 20. Rc1 Qa7 21. Qd3 Rxc6
22. Rxc6 Qb7 23. Rc1 Rc8 24. Rxc8 Qxc8 25. Qd2 a5 26. Nf4 Qc6 27. Qc1 Qxc1+ 28.
Bxc1 Nc8 29. Nd3 Na7 30. Be3 Nb5 31. Kf1 Be7 32. Nc5 Bxc5 33. dxc5 Na7 34. Ke2
Nc6 35. f4 Kf8 36. Kd3 Ke7 37. g4 g5 38. Bc1 gxf4 39. Bxf4 f6 40. exf6+ Kxf6
41. h4 e5 42. Bg3 h5 43. gxh5 Kg7 44. Bxe5+ Kf7 45. Bc7 1-0

[Event "Wch Juvenil 2010 sub12 Femenino"]
[Site "Porto Carras GRE"]
[Date "2010.10.30"]
[Round "11.6"]
[White "Peng, Jackie"]
[Black "Monnisha, Gk"]
[Result "0-1"]
[WhiteElo "1793"]
[BlackElo "1843"]
[PlyCount "84"]
[EventDate "2010.10.20"]
[EventType "swiss"]
[EventRounds "11"]
[EventCountry "GRE"]
[Source "lmi"]
[SourceDate "2010.10.20"]

1. e4 e5 2. Nf3 Nc6 3. Bc4 Nf6 4. Ng5 d5 5. exd5 Na5 6. d3 h6 7. Nf3 Bd6 8.
Bb5+ c6 9. dxc6 bxc6 10. Ba4 O-O 11. O-O Bg4 12. Nc3 Rb8 13. Bb3 c5 14. Qe2 Nc6
15. Be3 Kh8 16. Ne4 Nxe4 17. dxe4 f5 18. h3 Bh5 19. exf5 e4 20. g4 exf3 21.
Qxf3 Be8 22. Kh1 Ne5 23. Qg2 c4 24. Bxc4 Nxc4 25. Bxa7 Rxb2 26. Bd4 Rxc2 27.
Rac1 Rxc1 28. Rxc1 Na5 29. f3 Bf4 30. Rd1 Be5 31. Qb2 Bxd4 32. Rxd4 Qf6 33. Qd2
Bc6 34. Kg2 Nb7 35. Rc4 Rd8 36. Qc1 Rd6 37. Rc2 Nd8 38. Rf2 Nf7 39. Kg3 Ng5 40.
h4 Qe5+ 41. f4 Rd3+ 42. Kh2 Rh3+ 0-1

[Event "Wch Juvenil 2010 sub12 Femenino"]
[Site "Porto Carras GRE"]
[Date "2010.10.30"]
[Round "11.7"]
[White "Paramzina, Anastasya"]
[Black "Derakhshani, Dorsa"]
[Result "0-1"]
[WhiteElo "1830"]
[BlackElo "1799"]
[PlyCount "112"]
[EventDate "2010.10.20"]
[EventType "swiss"]
[EventRounds "11"]
[EventCountry "GRE"]
[Source "lmi"]
[SourceDate "2010.10.20"]

1. e4 e5 2. Nf3 Nc6 3. Bb5 f5 4. d3 fxe4 5. dxe4 Nf6 6. O-O Bc5 7. Nc3 d6 8. h3
O-O 9. Ng5 Kh8 10. Bc4 Qe8 11. Nd5 Nxd5 12. exd5 Ne7 13. Be3 Qg6 14. h4 Bxe3
15. fxe3 Bf5 16. Qe2 h6 17. e4 Bd7 18. Ne6 Bxe6 19. dxe6 Rf6 20. h5 Qg5 21.
Rxf6 gxf6 22. Rf1 Rf8 23. Rf3 c6 24. Rd3 Rd8 25. Qf2 b6 26. Rg3 Qc1+ 27. Kh2
Rf8 28. Qf3 Qd2 29. Bd3 d5 30. Rg4 d4 31. Qg3 Rg8 32. Rxg8+ Nxg8 33. Qh4 Qg5
34. Qxg5 fxg5 35. Kh3 Kg7 36. a4 Kf6 37. Bc4 Ne7 38. Kg4 Nc8 39. Ba6 Nd6 40.
Bd3 Kxe6 41. b3 a5 42. Kf3 Ne8 43. Bc4+ Kd6 44. Kg4 Ng7 45. Bf7 Kc5 46. Kf3 Kb4
47. Ke2 Kc3 48. Kd1 d3 49. cxd3 Kxd3 50. Bg6 Ne6 51. g4 Nd4 52. Bf5 Nxb3 53.
Bd7 c5 54. Bc6 Nd4 55. Bd5 c4 56. Kc1 c3 0-1

[Event "Wch Juvenil 2010 sub12 Femenino"]
[Site "Porto Carras GRE"]
[Date "2010.10.30"]
[Round "11.8"]
[White "Hua, Margaret"]
[Black "Rosales, Pierina"]
[Result "1-0"]
[WhiteElo "1943"]
[BlackElo "1785"]
[PlyCount "51"]
[EventDate "2010.10.20"]
[EventType "swiss"]
[EventRounds "11"]
[EventCountry "GRE"]
[Source "lmi"]
[SourceDate "2010.10.20"]

1. e4 g6 2. d4 c5 3. Nf3 Bg7 4. Nc3 cxd4 5. Nxd4 Nc6 6. Be3 Nf6 7. f3 O-O 8.
Qd2 d6 9. O-O-O Bd7 10. g4 Qa5 11. Kb1 Rfc8 12. h4 a6 13. h5 Ne5 14. hxg6 hxg6
15. Bh6 Bh8 16. Qh2 Nc6 17. Nd5 Qd8 18. Bf8 Nh5 19. Nxc6 bxc6 20. Bxe7 Qe8 21.
Nf6+ Bxf6 22. Bxf6 Bxg4 23. fxg4 Qe6 24. gxh5 Qxf6 25. hxg6 fxg6 26. Bc4+ 1-0

[Event "Wch Juvenil 2010 sub12 Femenino"]
[Site "Porto Carras GRE"]
[Date "2010.10.30"]
[Round "11.9"]
[White "Malatsilava, Volha"]
[Black "Vidic, Teja"]
[Result "1/2-1/2"]
[WhiteElo "1842"]
[BlackElo "1767"]
[PlyCount "139"]
[EventDate "2010.10.20"]
[EventType "swiss"]
[EventRounds "11"]
[EventCountry "GRE"]
[Source "lmi"]
[SourceDate "2010.10.20"]

1. e4 e5 2. d4 exd4 3. Nf3 Nc6 4. Bc4 Nf6 5. e5 d5 6. Bb5 Ne4 7. Nxd4 Bd7 8.
Bxc6 bxc6 9. O-O Bc5 10. c3 O-O 11. f3 Ng5 12. f4 Ne4 13. Nd2 Nxd2 14. Bxd2 f6
15. Qe2 Qe7 16. Kh1 Rae8 17. Rae1 Bb6 18. Qd3 c5 19. Nf3 c6 20. e6 Bc8 21. f5
c4 22. Qe2 Kh8 23. Nh4 g6 24. fxg6 Bxe6 25. Qh5 Qd7 26. g7+ Qxg7 27. Bh6 Qf7
28. Qf3 Rg8 29. Qxf6+ Qxf6 30. Rxf6 Bd7 31. Ref1 Re6 32. Rxe6 Bxe6 33. h3 Bd8
34. Nf3 Rg6 35. Be3 Bf6 36. Bxa7 Rg7 37. Bd4 Bxd4 38. Nxd4 Bd7 39. b4 cxb3 40.
Nxb3 Bc8 41. Nc5 Kg8 42. Rf6 Rc7 43. g4 h5 44. gxh5 Bxh3 45. Kh2 Bc8 46. Kg3
Kg7 47. Rg6+ Kh7 48. Kf4 Rf7+ 49. Ke3 Re7+ 50. Kd4 Rc7 51. a4 Kh8 52. a5 Bf5
53. Rf6 Bh3 54. a6 Kg7 55. Rg6+ Kf7 56. Rxc6 Rxc6 57. Kxd5 Bg2+ 58. Kc4 Bf1+
59. Kd5 Rc7 60. c4 Ra7 61. Kc6 Bxc4 62. Kb6 Re7 63. Nb7 Re6+ 64. Kc5 Rxa6 65.
Kxc4 Rh6 66. Nc5 Rxh5 67. Kd4 Ke7 68. Ne4 Ke6 69. Nc5+ Kd6 70. Ne4+ 1/2-1/2

[Event "Wch Juvenil 2010 sub12 Femenino"]
[Site "Porto Carras GRE"]
[Date "2010.10.30"]
[Round "11.10"]
[White "Liao, Rui"]
[Black "Rakic, Teodora"]
[Result "1/2-1/2"]
[WhiteElo "1830"]
[BlackElo "1708"]
[PlyCount "118"]
[EventDate "2010.10.20"]
[EventType "swiss"]
[EventRounds "11"]
[EventCountry "GRE"]
[Source "lmi"]
[SourceDate "2010.10.20"]

1. d4 Nf6 2. c4 g6 3. Nc3 Bg7 4. e4 d6 5. f3 O-O 6. Bg5 h6 7. Be3 Nbd7 8. Qd2
Kh7 9. Nh3 e5 10. d5 a5 11. Nf2 Nc5 12. Nd3 Nfd7 13. Be2 Nxd3+ 14. Bxd3 Nc5 15.
Bc2 f5 16. O-O f4 17. Bf2 g5 18. h3 h5 19. Bd1 Qf6 20. Rb1 Qg6 21. Qe2 Bf6 22.
Nb5 Rf7 23. a3 g4 24. hxg4 hxg4 25. fxg4 Rg7 26. b4 axb4 27. axb4 Na6 28. Rb3
Bxg4 29. Qxg4 Qxg4 30. Bxg4 Rxg4 31. Be1 Rag8 32. Kh1 Kg7 33. Rff3 Kf7 34. Rb2
Bh4 35. Bxh4 Rxh4+ 36. Kg1 Rgh8 37. Rf1 Rh1+ 38. Kf2 Rxf1+ 39. Kxf1 Rh1+ 40.
Ke2 Rc1 41. Kd3 Ke7 42. Nc3 Re1 43. Kd2 Re3 44. Kc2 Rg3 45. Kb3 Kd7 46. Rd2 Nb8
47. c5 Kc8 48. Rc2 Nd7 49. cxd6 cxd6 50. Ka4 Kb8 51. Nb5 Nb6+ 52. Ka5 Nc8 53.
Nc3 Re3 54. b5 Rd3 55. b6 Rd4 56. Kb5 Rd3 57. Kc4 Re3 58. Kb5 Re1 59. Rb2 Rc1
1/2-1/2